000
00353nam a2200157Ia 4500
003
OSt
005
20240219154923.0
008
170523s9999 xx 000 0 und d
020
_a
978-9352737949
040
_c
iimt university meerut
100
_a
ARORA- MN
245
0
_a
PRACTICAL COSTING
260
_b
SULTAN CHAND
260
_c
1995
942
_2
ddc
_c
02
999
_c
505
_d
505